[Event "12. Lichtenberger Sommer"]
[Site "Berlin"]
[Date "2013.08.23"]
[Round "7.53"]
[White "Keusch, Horst"]
[Black "Halli, Gerhard"]
[Result "1-0"]
[WhiteElo "2021"]
[BlackElo "1938"]
[PlyCount "95"]
[EventDate "2013.??.??"]
[WhiteTeam "SC Friesen Lichtenberg e.V."]
[BlackTeam "SK 1947 Sandhausen e.V."]

1. f4 d5 2. b3 Nf6 3. Bb2 e6 4. Nf3 Be7 5. e3 O-O 6. g3 c5 7. Bg2 Nc6 8. O-O b6
9. Ne5 Bb7 10. d3 Nd7 11. Nd2 Ndxe5 12. fxe5 Bg5 13. Qe2 Rb8 14. Nf3 Be7 15.
Rf2 Ba6 16. Raf1 Qc7 17. c4 Rbd8 18. e4 dxc4 19. bxc4 b5 20. cxb5 Bxb5 21. Ne1
Nb4 22. Rf3 Nxa2 23. Qf2 Bg5 24. h4 Bh6 25. Bh3 Qe7 26. g4 g6 27. g5 Bg7 28.
Qg3 Nb4 29. R1f2 Nc6 30. h5 Qc7 31. Qh4 Nxe5 32. Bxe5 Qxe5 33. Bf1 a6 34. hxg6
fxg6 35. Rh2 Rxf3 36. Nxf3 Qa1 37. Qxh7+ Kf7 38. Nh4 Ke7 39. Rf2 Kd6 40. Nxg6
Rd7 41. Kg2 Bd4 42. Rf7 Qb2+ 43. Kh3 a5 44. Rxd7+ Bxd7 45. Qe7+ Kc6 46. e5 Kc7
47. Qd6+ Kd8 48. Nf8 1-0

[Event "12. Lichtenberger Sommer"]
[Site "Berlin"]
[Date "2013.08.23"]
[Round "7.54"]
[White "Krüger, Ekkehard"]
[Black "Merz, Rüdiger"]
[Result "0-1"]
[WhiteElo "1806"]
[BlackElo "1900"]
[PlyCount "80"]
[EventDate "2013.??.??"]
[WhiteTeam "SG Narva Berlin e.V."]
[BlackTeam "SK Zehlendorf e.V."]

1. e4 c5 2. Nf3 d6 3. Nc3 a6 4. a4 Nf6 5. d4 cxd4 6. Nxd4 e5 7. Nb3 Be6 8. Bg5
Nbd7 9. Be2 Be7 10. O-O O-O 11. Qd3 Qc7 12. Kh1 Rad8 13. Rad1 Nb6 14. Qg3 Kh8
15. f4 h6 16. a5 hxg5 17. fxg5 Nbd7 18. gxf6 Nxf6 19. Nd5 Bxd5 20. exd5 g6 21.
c4 Kg7 22. Qe3 Rh8 23. h3 Rh7 24. Rf2 Rdh8 25. Rdf1 Kg8 26. Rxf6 Bxf6 27. Rxf6
Kg7 28. Rf1 f5 29. Rd1 Qd7 30. c5 f4 31. Qe4 Rxh3+ 32. Kg1 Rxb3 33. cxd6 Qxd6
34. Qc2 Rb4 35. Bf3 Kf6 36. Rc1 Rh7 37. Be4 Kg5 38. Qe2 Rb3 39. Kf2 Qb4 40.
Bxg6 Qd4+ 0-1

[Event "12. Lichtenberger Sommer"]
[Site "Berlin"]
[Date "2013.08.23"]
[Round "7.55"]
[White "Ziems, Michael"]
[Black "Schmidek, Emil"]
[Result "1/2-1/2"]
[WhiteElo "1839"]
[BlackElo "1931"]
[PlyCount "92"]
[EventDate "2013.??.??"]
[WhiteTeam "SV Empor Berlin e.V."]
[BlackTeam "TuS Makkabi Berlin e.V."]

1. e4 e5 2. Nf3 Nc6 3. Bb5 a6 4. Ba4 b5 5. Bb3 Nf6 6. O-O Be7 7. c3 O-O 8. d4
d6 9. d5 Na5 10. Bc2 c6 11. b4 Nc4 12. dxc6 Qc7 13. a4 Rb8 14. Na3 Qxc6 15.
axb5 axb5 16. Nxc4 Qxc4 17. Ra7 Rb7 18. Ra3 Nxe4 19. Bb3 Qc7 20. Qd3 Nf6 21.
Qe3 Bf5 22. h3 h6 23. Bb2 Qc6 24. Rfa1 Nd5 25. Nxe5 dxe5 26. Qxe5 Be6 27. c4
Nf6 28. Ra6 Qc7 29. Rxe6 fxe6 30. Qxe6+ Kh8 31. c5 Ra7 32. Rd1 Rd8 33. Re1 Qd7
34. Qe5 Re8 35. Qf4 Qc6 36. Re6 Qd7 37. c6 Qd3 38. c7 Qxb3 39. Rxe7 Raa8 40.
Bxf6 Rxe7 41. Bxe7 Qe6 42. Bd8 Kg8 43. Qd4 Qf5 44. Be7 Kh7 45. Bd8 Rc8 46. Qd6
Qe4 1/2-1/2

[Event "12. Lichtenberger Sommer"]
[Site "Berlin"]
[Date "2013.08.23"]
[Round "7.56"]
[White "Lübke, Thomas"]
[Black "Batzaya, Ayush"]
[Result "1/2-1/2"]
[WhiteElo "1964"]
[BlackElo "1952"]
[PlyCount "78"]
[EventDate "2013.??.??"]
[WhiteTeam "FVS ASP Hoyerswerda"]
[BlackTeam "SV Berolina Mitte e.V."]

1. e4 c5 2. Nf3 d6 3. d4 cxd4 4. Nxd4 Nf6 5. Nc3 a6 6. Bc4 Qc7 7. Bb3 e6 8. a4
Be7 9. O-O O-O 10. Kh1 b6 11. Be3 Bb7 12. f3 Nbd7 13. Qe2 Nc5 14. Ba2 Rfc8 15.
Qf2 Qd7 16. Bb3 Rc7 17. Rfd1 Qc8 18. Rd2 h5 19. Rad1 h4 20. Ba2 h3 21. Qg3
hxg2+ 22. Rxg2 g6 23. Nf5 Ncxe4 24. Nxe7+ Rxe7 25. Nxe4 Nxe4 26. Qh4 Rc7 27.
fxe4 Rxc2 28. Rdg1 Rxg2 29. Rxg2 Qc6 30. Bb1 Qc4 31. Rf2 d5 32. Qe7 Rf8 33.
Qxb7 Qxa4 34. exd5 Qd1+ 35. Kg2 Qxb1 36. d6 Qd1 37. Rd2 Qg4+ 38. Kh1 Qf5 39.
Qg2 e5 1/2-1/2

[Event "12. Lichtenberger Sommer"]
[Site "Berlin"]
[Date "2013.08.23"]
[Round "7.57"]
[White "Prix, Siegfried"]
[Black "Kutschke, Jens"]
[Result "1/2-1/2"]
[WhiteElo "1803"]
[BlackElo "1891"]
[PlyCount "88"]
[EventDate "2013.??.??"]
[WhiteTeam "Sfrd. Berlin 1903 e.V."]
[BlackTeam "Sfrd. Berlin 1903 e.V."]

1. e4 e6 2. d4 d5 3. Nc3 Bb4 4. Bd3 c5 5. exd5 Qxd5 6. Bd2 Bxc3 7. Bxc3 Qxg2 8.
Qf3 Qxf3 9. Nxf3 cxd4 10. Bxd4 f6 11. Rg1 Kf7 12. O-O-O Nc6 13. Bc3 e5 14. Bc4+
Kf8 15. b4 a6 16. a4 Bf5 17. Nh4 Nh6 18. b5 axb5 19. axb5 Ne7 20. Nxf5 Nhxf5
21. Rd7 g6 22. Kb2 b6 23. f4 Ke8 24. Be6 Ng7 25. Bh3 f5 26. Rgd1 Ne6 27. Bxe5
Rf8 28. Rb7 Nc5 29. Rc7 Rf7 30. Bg2 Rc8 31. Ra7 Ng8 32. Raa1 Nf6 33. Bc6+ Kf8
34. Bd6+ Kg7 35. Be5 Kh6 36. Rd6 Ng4 37. Re1 Re7 38. Rd5 Ne4 39. Bd4 Rb8 40.
Bg1 Ra7 41. Rd7 Ra4 42. Kb3 Ra5 43. Kb4 Ra2 44. Kb3 Ra5 1/2-1/2

[Event "12. Lichtenberger Sommer"]
[Site "Berlin"]
[Date "2013.08.23"]
[Round "7.58"]
[White "Bollenbach, Horst"]
[Black "Eichler, Jan-Christoph"]
[Result "0-1"]
[WhiteElo "1566"]
[BlackElo "2012"]
[PlyCount "114"]
[EventDate "2013.??.??"]
[WhiteTeam "SC Friesen Lichtenberg e.V."]
[BlackTeam "Schachclub Oranienburg e.V."]

1. d4 Nf6 2. c4 g6 3. Nf3 Bg7 4. Nc3 d5 5. e3 O-O 6. Qb3 dxc4 7. Bxc4 Nc6 8.
Ng5 e6 9. Qc2 b6 10. Qe2 Bb7 11. O-O Nb4 12. a3 Nbd5 13. Nxd5 exd5 14. Bd3 h6
15. Nf3 Ne4 16. b4 c5 17. bxc5 Nxc5 18. Rb1 Nxd3 19. Qxd3 Rc8 20. Bb2 Rc4 21.
Rfc1 Ba6 22. Qb3 Rxc1+ 23. Rxc1 Bc4 24. Qa4 Qc7 25. Qc2 b5 26. Nd2 Rc8 27. Nb3
Qe7 28. Nc5 h5 29. Bc3 h4 30. h3 Qd8 31. Qd2 Bf8 32. Ba5 Qg5 33. Bb4 Bd6 34.
Qc2 Bc7 35. Qd2 Qd8 36. Re1 Qd6 37. f4 Qf6 38. Qf2 g5 39. Qf3 Kh7 40. Nd7 Qf5
41. Qh5+ Kg7 42. Ne5 Bxe5 43. dxe5 Bd3 44. Qxg5+ Qxg5 45. fxg5 Rc2 46. Rd1 Bc4
47. Bd2 Be2 48. Rc1 Rxd2 49. Kf2 Bc4+ 50. Kf3 Kg6 51. Kg4 Rxg2+ 52. Kf4 Rf2+
53. Kg4 Rf5 54. Kxh4 Rxg5 55. e4 d4 56. a4 a6 57. axb5 axb5 0-1

[Event "12. Lichtenberger Sommer"]
[Site "Berlin"]
[Date "2013.08.23"]
[Round "7.59"]
[White "Engesser, Jonas"]
[Black "Landt, Stefan"]
[Result "1-0"]
[WhiteElo "1824"]
[BlackElo "1929"]
[PlyCount "86"]
[EventDate "2013.??.??"]
[WhiteTeam "SK Engen"]
[BlackTeam "SV Berolina Mitte e.V."]

1. e4 c5 2. Nf3 Nc6 3. d4 cxd4 4. Nxd4 Nf6 5. Nc3 e5 6. Ndb5 d6 7. Bg5 a6 8.
Na3 b5 9. Bxf6 gxf6 10. Nd5 Bg7 11. Bd3 O-O 12. c3 Ne7 13. Qh5 f5 14. Nxe7+
Qxe7 15. O-O d5 16. exd5 e4 17. Rae1 Qc5 18. Bb1 b4 19. cxb4 Qxb4 20. Nc2 Qxb2
21. Ne3 Qe5 22. f3 f4 23. Qxe5 Bxe5 24. Nc4 Bd4+ 25. Kh1 e3 26. Re2 Bd7 27. Rd1
Rab8 28. g3 Ba7 29. gxf4 Rfc8 30. Bd3 Bb5 31. Nxe3 Bxd3 32. Rxd3 Re8 33. d6
Rbd8 34. Rg2+ Kf8 35. Nc2 Re6 36. Rgd2 Rg6 37. Rd1 h5 38. Nb4 Bc5 39. Nxa6 Bxd6
40. Nb4 Rb8 41. Nc6 Rb6 42. Ne5 Bxe5 43. fxe5 Rb2 1-0

[Event "12. Lichtenberger Sommer"]
[Site "Berlin"]
[Date "2013.08.23"]
[Round "7.60"]
[White "Poeltelt, Helmut"]
[Black "Baranowsky, Peter"]
[Result "0-1"]
[WhiteElo "1733"]
[BlackElo "1967"]
[PlyCount "84"]
[EventDate "2013.??.??"]
[WhiteTeam "SC Eintracht Berlin e.V."]
[BlackTeam "Sfrd. Berlin 1903 e.V."]

1. e4 c6 2. d4 d5 3. Nc3 dxe4 4. Nxe4 Bf5 5. Ng3 Bg6 6. Nf3 Nd7 7. h4 h6 8. h5
Bh7 9. Bd3 Bxd3 10. Qxd3 e6 11. Bd2 Ngf6 12. c4 Be7 13. O-O-O b5 14. c5 Nxc5
15. Qc3 Ncd7 16. Kb1 Qb6 17. Ne5 Nxe5 18. dxe5 Nd5 19. Qf3 b4 20. Ne4 c5 21.
Qg3 Rg8 22. Bxh6 Nc3+ 23. Nxc3 bxc3 24. Bc1 cxb2 25. Bxb2 Rb8 26. Qc3 f5 27. f4
Qb7 28. Rd2 Qe4+ 29. Qd3 Qxf4 30. Ka1 Kf7 31. g3 Qg4 32. Rh4 Bxh4 33. gxh4 Rgd8
34. Qc2 Rxb2 35. Kxb2 Qb4+ 36. Kc1 Rxd2 37. Qxd2 Qxd2+ 38. Kxd2 Ke7 39. Kd3 Kd7
40. a3 Kc6 41. Kc4 f4 42. a4 f3 0-1

[Event "12. Lichtenberger Sommer"]
[Site "Berlin"]
[Date "2013.08.23"]
[Round "7.61"]
[White "Kapp, Frank"]
[Black "Albinus, Günter"]
[Result "1/2-1/2"]
[WhiteElo "1908"]
[BlackElo "1844"]
[PlyCount "107"]
[EventDate "2013.??.??"]
[WhiteTeam "TSV IFA Chemnitz"]
[BlackTeam "SG Weißensee 49 e.V."]

1. d4 Nf6 2. c4 e6 3. Nc3 d5 4. Bg5 Be7 5. e3 O-O 6. Nf3 Nbd7 7. Bd3 dxc4 8.
Bxc4 c5 9. O-O cxd4 10. Nxd4 a6 11. a3 Ne5 12. Ba2 Ng6 13. Qc2 Qa5 14. Ne4 Bd7
15. Nxf6+ gxf6 16. Bf4 Nxf4 17. exf4 Qc5 18. Qd3 Qh5 19. Rac1 Rfd8 20. Bb1 Kh8
21. Qf3 Qxf3 22. Nxf3 Bc6 23. Rc3 Rd7 24. b4 Rad8 25. Bc2 Bd6 26. Nd4 Bd5 27.
g3 Rc7 28. Rxc7 Bxc7 29. Rd1 Bb6 30. Ne2 Bf3 31. Rxd8+ Bxd8 32. Kf1 Bb6 33. Nc3
f5 34. Ne2 Kg7 35. a4 Kf6 36. Bd3 Ke7 37. Ng1 Bd1 38. a5 Bc7 39. Ke1 Ba4 40.
Kd2 Kd6 41. Nf3 h6 42. Ne5 Ke7 43. Be2 Kf6 44. Bh5 Bxe5 45. fxe5+ Kxe5 46. Bxf7
Bb3 47. Ke3 Ba4 48. f4+ Kf6 49. Bh5 e5 50. fxe5+ Kxe5 51. Bf3 Bc6 52. Bd1 Be4
53. Be2 Bc6 54. Bd1 1/2-1/2

[Event "12. Lichtenberger Sommer"]
[Site "Berlin"]
[Date "2013.08.23"]
[Round "7.62"]
[White "Reiche, Andreas"]
[Black "Balliere, Arne"]
[Result "1-0"]
[WhiteElo "1940"]
[BlackElo "1743"]
[PlyCount "95"]
[EventDate "2013.??.??"]
[WhiteTeam "SV Berolina Mitte e.V."]
[BlackTeam "Kon. Oostendse SK"]

1. e4 e5 2. Bc4 Nf6 3. d3 Be7 4. Nc3 O-O 5. Nf3 d6 6. O-O Bg4 7. h3 Bh5 8. Ne2
c6 9. Ng3 Bg6 10. Bb3 Nbd7 11. Nh4 Nc5 12. Ngf5 Nxb3 13. axb3 Nd7 14. Nxg6 fxg6
15. Nxe7+ Qxe7 16. f4 a6 17. Be3 Rad8 18. fxe5 Rxf1+ 19. Qxf1 Rf8 20. Qe1 Qxe5
21. c3 Qe6 22. b4 Ne5 23. Qe2 h6 24. Bd4 Qe7 25. Bxe5 Qxe5 26. d4 Qf4 27. Rf1
Qxf1+ 28. Qxf1 Rxf1+ 29. Kxf1 Kf7 30. Ke2 Ke6 31. Kd3 b6 32. Kc2 Kf6 33. Kd2
Ke6 34. c4 g5 35. Ke3 g6 36. Kf3 Kf6 37. g3 h5 38. g4 h4 39. Ke3 Ke6 40. Kd3
Kf6 41. b5 axb5 42. cxb5 c5 43. Kc4 cxd4 44. Kxd4 Ke6 45. b3 Kd7 46. Kd5 Ke7
47. Kc6 Ke6 48. Kxb6 1-0

[Event "12. Lichtenberger Sommer"]
[Site "Berlin"]
[Date "2013.08.23"]
[Round "7.63"]
[White "Möller, Dirk"]
[Black "Alcer, Fabian"]
[Result "0-1"]
[WhiteElo "1649"]
[BlackElo "1776"]
[PlyCount "76"]
[EventDate "2013.??.??"]
[WhiteTeam "SC Kreuzberg e.V."]
[BlackTeam "SV Empor Berlin e.V."]

1. e4 e5 2. Nf3 Nc6 3. Bb5 a6 4. Ba4 Nf6 5. O-O Be7 6. Nc3 b5 7. Bb3 d6 8. Re1
O-O 9. d3 Bg4 10. Be3 Na5 11. h3 Nxb3 12. axb3 Bh5 13. Nb1 h6 14. Nbd2 Nh7 15.
c3 c5 16. Nf1 Bg6 17. Ng3 f5 18. exf5 Bxf5 19. Nxf5 Rxf5 20. d4 cxd4 21. cxd4
e4 22. Nh2 d5 23. Qg4 Qd7 24. Bxh6 Bb4 25. Rf1 Nf6 26. Qg6 Nh5 27. g4 Rf6 28.
Qxh5 Rxh6 29. Qf5 Qxf5 30. gxf5 Rxh3 31. Rfc1 Rd3 32. Ng4 Rxd4 33. f6 gxf6 34.
Nxf6+ Kf7 35. Rc6 a5 36. Ng4 Rg8 37. Rf6+ Ke7 38. Rf4 Bd6 0-1

[Event "12. Lichtenberger Sommer"]
[Site "Berlin"]
[Date "2013.08.23"]
[Round "7.64"]
[White "Lange, Cecilia"]
[Black "Barwich, Andreas"]
[Result "0-1"]
[WhiteElo "1143"]
[BlackElo "1935"]
[PlyCount "110"]
[EventDate "2013.??.??"]
[WhiteTeam "TSG Oberschöneweide e.V."]
[BlackTeam "SV Berolina Mitte e.V."]

1. e4 c5 2. Nf3 e6 3. d4 cxd4 4. Nxd4 Nf6 5. Nc3 Nc6 6. Bg5 Qa5 7. Bxf6 gxf6 8.
Nxc6 bxc6 9. a3 Rb8 10. Rb1 Rxb2 11. Qd2 Rxb1+ 12. Nxb1 Qxd2+ 13. Kxd2 Bc5 14.
Ke1 Ke7 15. Bd3 d6 16. Ke2 Bd7 17. a4 Bb6 18. Nd2 Rg8 19. g3 h6 20. Rb1 Rb8 21.
Nc4 Bc7 22. Rxb8 Bxb8 23. f4 d5 24. exd5 cxd5 25. Nb2 e5 26. fxe5 fxe5 27. c4
Bg4+ 28. Ke3 d4+ 29. Kf2 f5 30. Be2 h5 31. h3 Bxe2 32. Kxe2 e4 33. Kf2 Kd6 34.
g4 hxg4 35. hxg4 f4 36. g5 Kc5 37. g6 Be5 38. Ke2 d3+ 39. Nxd3+ exd3+ 40. Kxd3
a5 41. Ke4 Bg7 42. Kxf4 Kxc4 43. Ke4 Kb4 44. Kd5 Kxa4 45. Kc4 Ka3 46. Kb5 a4
47. Kc5 Kb3 48. Kd6 a3 49. Ke6 a2 50. Kf7 Bc3 51. g7 Bxg7 52. Kxg7 a1=R 53. Kf6
Re1 54. Kf5 Kc3 55. Kf4 Kd4 0-1

[Event "12. Lichtenberger Sommer"]
[Site "Berlin"]
[Date "2013.08.23"]
[Round "7.65"]
[White "Räcke, Norbert"]
[Black "Schönberger, Kay"]
[Result "0-1"]
[WhiteElo "1846"]
[BlackElo "1891"]
[PlyCount "70"]
[EventDate "2013.??.??"]
[WhiteTeam "Queer-Springer SSV Berlin"]
[BlackTeam "SV Koblenz 03/25"]

1. d4 Nf6 2. c4 g6 3. Nc3 Bg7 4. e4 d6 5. Nf3 O-O 6. Be2 e5 7. Be3 Nc6 8. d5
Ne7 9. Nd2 Nd7 10. b4 f5 11. f3 Nf6 12. c5 f4 13. Bf2 g5 14. Nc4 h5 15. cxd6
cxd6 16. Nb5 Ne8 17. Nxa7 g4 18. Bb6 Qd7 19. O-O Rxa7 20. Bxa7 b5 21. Bf2 bxc4
22. Bxc4 gxf3 23. Qxf3 Nf6 24. b5 Qe8 25. Rfe1 Qg6 26. h3 Nh7 27. Kh1 Ng5 28.
Qd3 f3 29. g3 Nxh3 30. Qf1 Bh6 31. b6 Qg4 32. Kh2 Nxf2 33. Qxf2 Qh3+ 34. Kg1 h4
35. gxh4 Kh7 0-1

[Event "12. Lichtenberger Sommer"]
[Site "Berlin"]
[Date "2013.08.23"]
[Round "7.66"]
[White "Brüning, Wolfgang"]
[Black "Bockrath, Hendrik"]
[Result "1-0"]
[WhiteElo "1962"]
[BlackElo "1382"]
[PlyCount "95"]
[EventDate "2013.??.??"]
[WhiteTeam "Queer-Springer SSV Berlin"]
[BlackTeam "SC Kreuzberg e.V."]

1. Nf3 d5 2. d4 Nf6 3. e3 Bg4 4. c4 e6 5. Qb3 Qc8 6. Nc3 c6 7. Bd2 Nbd7 8. Rc1
Bd6 9. h3 Bf5 10. Be2 Ne4 11. cxd5 Nxd2 12. Nxd2 cxd5 13. O-O Qd8 14. f4 Qh4
15. Nb5 O-O 16. Nxd6 Bxh3 17. e4 Bg4 18. Bxg4 Qxg4 19. Qf3 Qh4 20. e5 Qe7 21.
Rc7 Qd8 22. Rfc1 Rb8 23. f5 Qg5 24. Rxd7 Qxd2 25. Qc3 Qg5 26. Rf1 b6 27. f6 g6
28. Qc1 Qh4 29. Qf4 Qh5 30. Qh2 Qg5 31. Qf4 Qh5 32. Rf3 g5 33. Qe3 Rbd8 34.
Rxd8 Rxd8 35. Rh3 Qg6 36. Qd3 Qxd3 37. Rxd3 Rd7 38. Rc3 h6 39. Rc8+ Kh7 40. Rf8
Kg6 41. Rg8+ Kh5 42. Rg7 Rc7 43. Rxf7 Rc1+ 44. Kh2 Kg4 45. Rxa7 Rf1 46. Ra3 Kh5
47. Rf3 Rd1 48. f7 1-0

[Event "12. Lichtenberger Sommer"]
[Site "Berlin"]
[Date "2013.08.23"]
[Round "7.67"]
[White "Junge, Wolfgang"]
[Black "Kujawa, Werner"]
[Result "1-0"]
[WhiteElo "1819"]
[BlackElo "1814"]
[PlyCount "111"]
[EventDate "2013.??.??"]
[WhiteTeam "SC Friesen Lichtenberg e.V."]
[BlackTeam "SV Motor Wildau e.V."]

1. d4 Nf6 2. c4 c5 3. d5 b5 4. cxb5 a6 5. bxa6 Bxa6 6. Nc3 d6 7. e4 Bxf1 8.
Kxf1 Nbd7 9. Nge2 g6 10. g3 Bg7 11. Kg2 O-O 12. Qc2 Qa5 13. Bd2 Rfb8 14. f4 Ne8
15. Rab1 Nc7 16. a3 Nb5 17. Rhc1 Nxc3 18. Bxc3 Bxc3 19. Nxc3 Nb6 20. Qe2 Na4
21. Nxa4 Qxa4 22. Rc2 Rb3 23. Rd1 Rab8 24. Rdd2 Qb5 25. Qxb5 R8xb5 26. Kf2 Kg7
27. Ke2 h5 28. Kd1 Rb8 29. Kc1 R8b7 30. Rf2 Re3 31. Rce2 Reb3 32. e5 Ra7 33.
exd6 exd6 34. f5 g5 35. f6+ Kg6 36. Re7 Rxe7 37. fxe7 Re3 38. b4 cxb4 39. axb4
Rxe7 40. b5 Rb7 41. Rb2 Kf5 42. Kc2 Ke4 43. Kc3 Kxd5 44. Kb4 Ke4 45. Ka5 d5 46.
Ka6 Rd7 47. b6 d4 48. b7 Rxb7 49. Rxb7 f5 50. Kb5 f4 51. gxf4 gxf4 52. Kc4 f3
53. Re7+ Kf5 54. Kxd4 h4 55. Ke3 Kg4 56. Re4+ 1-0

[Event "12. Lichtenberger Sommer"]
[Site "Berlin"]
[Date "2013.08.23"]
[Round "7.68"]
[White "Kapr, Klaus"]
[Black "Schlittermann, Wolfgang"]
[Result "1-0"]
[WhiteElo "2069"]
[BlackElo "1769"]
[PlyCount "67"]
[EventDate "2013.??.??"]
[WhiteTeam "SC Friesen Lichtenberg e.V."]
[BlackTeam "SV Osram e.V."]

1. e4 c6 2. d4 d5 3. exd5 cxd5 4. c4 Nf6 5. Nc3 g6 6. Qb3 dxc4 7. Bxc4 e6 8.
Nf3 Bg7 9. O-O O-O 10. Be3 Nc6 11. Bd3 Ng4 12. Bg5 Nxd4 13. Nxd4 Qxg5 14. Nf3
Qe7 15. Rac1 b6 16. Nb5 Ba6 17. Rc7 Qf6 18. Qa4 Bxb5 19. Bxb5 Qxb2 20. Rc2 Qf6
21. Qxg4 a6 22. Be2 Qe7 23. Rfc1 Qa3 24. h4 Bb2 25. Rb1 Bg7 26. Rxb6 Qa5 27.
Qb4 Qf5 28. Rc5 Qf6 29. a4 Rfd8 30. a5 Bf8 31. Qc3 Bxc5 32. Qxf6 Bxb6 33. axb6
Rdb8 34. Ng5 1-0

[Event "12. Lichtenberger Sommer"]
[Site "Berlin"]
[Date "2013.08.23"]
[Round "7.69"]
[White "Boeck, Rüdiger"]
[Black "Hess, Max"]
[Result "0-1"]
[WhiteElo "1829"]
[BlackElo "2013"]
[PlyCount "54"]
[EventDate "2013.??.??"]
[WhiteTeam "SC Weisse Dame Ulm e.V."]
[BlackTeam "Post-SV Memmingen e.V."]

1. e4 c5 2. Nf3 Nc6 3. d4 cxd4 4. Nxd4 Nf6 5. Nc3 e5 6. Nf3 Bb4 7. Bd3 d5 8.
exd5 Nxd5 9. Bd2 Nxc3 10. bxc3 Bc5 11. Qe2 Qe7 12. Be4 O-O 13. O-O f6 14. Rab1
Be6 15. a4 Rac8 16. Qb5 f5 17. Bxc6 bxc6 18. Qa6 e4 19. Nd4 Bd5 20. Nxf5 Qe5
21. Ne3 Be6 22. Rb7 Rcd8 23. Qe2 Bd6 24. g3 Bh3 25. Rfb1 Bc5 26. Be1 Rf3 27.
Nc4 Rxg3+ 0-1

[Event "12. Lichtenberger Sommer"]
[Site "Berlin"]
[Date "2013.08.23"]
[Round "7.70"]
[White "Körner, Helmut"]
[Black "Kühnemund, Lutz"]
[Result "1/2-1/2"]
[WhiteElo "1910"]
[BlackElo "2044"]
[PlyCount "31"]
[EventDate "2013.??.??"]
[WhiteTeam "Sfr.Nord-Ost Berlin"]
[BlackTeam "SC Friesen Lichtenberg e.V."]

1. b4 e5 2. Bb2 Bxb4 3. Bxe5 Nf6 4. Nc3 Nc6 5. Bxf6 Qxf6 6. Nd5 Qd6 7. Nxb4
Qxb4 8. c3 Qe7 9. e3 O-O 10. Nf3 d6 11. d4 Bf5 12. Bd3 Bxd3 13. Qxd3 Rfe8 14.
O-O Qe4 15. Qxe4 Rxe4 16. Nd2 1/2-1/2

[Event "12. Lichtenberger Sommer"]
[Site "Berlin"]
[Date "2013.08.23"]
[Round "7.71"]
[White "Schröter, Maik"]
[Black "Rauhut, Frank"]
[Result "0-1"]
[WhiteElo "1856"]
[BlackElo "1993"]
[PlyCount "56"]
[EventDate "2013.??.??"]
[WhiteTeam "SG Blau-Weiß Stadtilm"]
[BlackTeam "SV Jenapharm Jena"]

1. e4 c5 2. Nf3 g6 3. d4 Bg7 4. c3 cxd4 5. cxd4 d5 6. Bb5+ Bd7 7. Bxd7+ Qxd7 8.
e5 Nh6 9. Bxh6 Bxh6 10. O-O O-O 11. Re1 e6 12. Nc3 Nc6 13. g4 Rfc8 14. g5 Bf8
15. h4 h5 16. gxh6 Bxh6 17. Ng5 Qd8 18. Qd2 Ne7 19. f4 Nf5 20. Qf2 Rc4 21. Ne2
Rac8 22. b3 Rc2 23. Rec1 Qb6 24. Kh1 Qa6 25. Kg1 Qd3 26. Rxc2 Rxc2 27. Nc1 Qd1+
28. Qf1 Qxd4+ 0-1

[Event "12. Lichtenberger Sommer"]
[Site "Berlin"]
[Date "2013.08.23"]
[Round "7.73"]
[White "Bandsom, Olaf"]
[Black "Alten, Silvio"]
[Result "1/2-1/2"]
[WhiteElo "1808"]
[BlackElo "1887"]
[PlyCount "86"]
[EventDate "2013.??.??"]
[WhiteTeam "SC Friesen Lichtenberg e.V."]
[BlackTeam "Treptower SV 1949 e.V."]

1. e4 c5 2. Nf3 g6 3. d4 cxd4 4. Nxd4 Bg7 5. Nc3 Nc6 6. Be3 Nf6 7. Qd2 O-O 8.
Be2 b6 9. O-O-O Bb7 10. f3 e6 11. h4 h5 12. Bg5 Ne7 13. Ndb5 d5 14. e5 Nd7 15.
f4 f6 16. exf6 Nxf6 17. Nd4 Kf7 18. Qe3 Qc8 19. Ncb5 Rd8 20. Nc7 Qxc7 21. Qxe6+
Ke8 22. Bb5+ Kf8 23. Qxf6+ Bxf6 24. Ne6+ Kf7 25. Nxc7 Rac8 26. Na6 Nf5 27. Bxf6
Kxf6 28. Rd2 Nd6 29. Bd3 b5 30. f5 gxf5 31. Rf1 Bxa6 32. Bxf5 Nxf5 33. Rdf2 Rc6
34. Rxf5+ Kg6 35. Rg5+ Kh6 36. Rff5 Rg6 37. Rxh5+ Kg7 38. Rxd5 Rgd6 39. Rhg5+
Kf7 40. Rdf5+ Rf6 41. Rxf6+ Kxf6 42. g4 b4 43. Rf5+ Kg7 1/2-1/2

[Event "12. Lichtenberger Sommer"]
[Site "Berlin"]
[Date "2013.08.23"]
[Round "7.74"]
[White "Birkholz, Axel"]
[Black "Graf, Anton"]
[Result "1-0"]
[WhiteElo "1857"]
[BlackElo "1830"]
[PlyCount "87"]
[EventDate "2013.??.??"]
[WhiteTeam "SV Trossingen"]
[BlackTeam "OSG Baden-Baden"]

1. e4 e6 2. d4 d5 3. Nc3 dxe4 4. Nxe4 Nd7 5. Nf3 Ngf6 6. Nxf6+ Nxf6 7. Bd3 c5
8. dxc5 Bxc5 9. O-O Qb6 10. Ne5 Bd7 11. Nxd7 Nxd7 12. Qe2 O-O 13. Qe4 f5 14.
Qe2 Rae8 15. Bb5 Rf7 16. Rd1 Bxf2+ 17. Kf1 Rd8 18. Bg5 Nf6 19. Rxd8+ Qxd8 20.
Qxf2 Qa5 21. Bd3 Ng4 22. Qg3 h6 23. h3 hxg5 24. hxg4 fxg4+ 25. Ke2 Rf4 26. Rf1
Qe5+ 27. Qe3 Qf6 28. Rxf4 gxf4 29. Qe4 f3+ 30. gxf3 Qxf3+ 31. Qxf3 gxf3+ 32.
Kxf3 Kf7 33. c4 b6 34. b4 e5 35. c5 bxc5 36. bxc5 Ke6 37. c6 Kd6 38. Be4 Ke6
39. Kg4 a6 40. Kg5 Kd6 41. Kg6 Ke6 42. Kxg7 Ke7 43. Bf3 a5 44. a4 1-0

[Event "12. Lichtenberger Sommer"]
[Site "Berlin"]
[Date "2013.08.23"]
[Round "7.76"]
[White "Herrmann, Eberhard"]
[Black "Bauder, Herbert"]
[Result "1/2-1/2"]
[WhiteElo "1861"]
[BlackElo "1932"]
[PlyCount "147"]
[EventDate "2013.??.??"]
[WhiteTeam "SC Friesen Lichtenberg e.V."]
[BlackTeam "SG Lasker Steglitz-Wilmersdorf"]

1. e4 c5 2. Nc3 d6 3. f4 g6 4. Nf3 Bg7 5. Bc4 Nc6 6. O-O Nh6 7. a3 O-O 8. d3 a6
9. Ne2 e6 10. Qe1 d5 11. Ba2 f5 12. exd5 exd5 13. Nc3 Ne7 14. Ng5 Qd6 15. Qe2
Kh8 16. Qf3 Rd8 17. Bd2 Be6 18. Nxe6 Qxe6 19. Kh1 Qd7 20. Rae1 Nhg8 21. b4 cxb4
22. axb4 Rac8 23. d4 Bxd4 24. Bb3 b5 25. Re2 Bg7 26. Rfe1 d4 27. Be6 Qc6 28.
Nd1 Qxf3 29. gxf3 Rxc2 30. Bb3 Rc7 31. Re6 Ra7 32. Nf2 h6 33. Nd3 Kh7 34. Nc5
Nd5 35. Rxa6 Rxa6 36. Nxa6 Ngf6 37. Nc5 Ra8 38. Ne6 Ra3 39. Nxd4 Nb6 40. Bc1
Ra1 41. Nxb5 Nfd5 42. Bd2 Rxe1+ 43. Bxe1 Bf8 44. Nd4 Bxb4 45. Bxd5 Nxd5 46.
Bxb4 Nxb4 47. Kg2 Kg7 48. Kf2 Kf6 49. h4 Nd5 50. Kg3 Nc3 51. Kf2 Nd5 52. Kg3
Ne7 53. Kh3 Kg7 54. Kg3 Kf7 55. Kh3 Nd5 56. Kg3 Nf6 57. Nc6 Nh5+ 58. Kf2 Nxf4
59. Ne5+ Ke6 60. Nc4 Nd5 61. Kg3 Nf6 62. f4 Nd7 63. Ne3 Nb6 64. h5 gxh5 65. Kh4
Nd5 66. Nxf5 Nxf4 67. Nxh6 Kf6 68. Ng4+ Kf5 69. Ne3+ Kg6 70. Nf1 Ne2 71. Ng3
Nxg3 72. Kxg3 Kg5 73. Kh2 Kg4 74. Kh1 1/2-1/2

[Event "12. Lichtenberger Sommer"]
[Site "Berlin"]
[Date "2013.08.23"]
[Round "7.78"]
[White "Fuchs, Jörg"]
[Black "Strehlow, Horst"]
[Result "0-1"]
[WhiteElo "1862"]
[BlackElo "2026"]
[PlyCount "50"]
[EventDate "2013.??.??"]
[WhiteTeam "SC Kreuzberg e.V."]
[BlackTeam "SC Friesen Lichtenberg e.V."]

1. e4 d6 2. d4 Nf6 3. Nc3 g6 4. Bg5 Bg7 5. e5 dxe5 6. dxe5 Nfd7 7. Nd5 Nxe5 8.
Bxe7 Qd7 9. Nf6+ Bxf6 10. Bxf6 O-O 11. Bxe5 Re8 12. Nf3 f6 13. Bc4+ Kg7 14. O-O
Qxd1 15. Raxd1 fxe5 16. Rfe1 Nc6 17. Bb5 Bg4 18. h3 Bxf3 19. gxf3 Re7 20. f4 e4
21. Kg2 Rf8 22. Kg3 g5 23. fxg5 Rf3+ 24. Kg2 Rf5 25. h4 Rxb5 0-1